| 000 | 00381nam a2200157Ia 4500 | ||
|---|---|---|---|
| 008 | 230524s9999 xx 000 0 und d | ||
| 082 |
_a6 _bMAH |
||
| 100 | _aP.B.Mahapatra | ||
| 245 | 0 | _aThinking in C (including OOP with C++) | |
| 250 | _a2ND | ||
| 260 |
_aNEW DELHI _bKhanna _c2005 |
||
| 300 | _aXVII;655 | ||
| 500 | _aQuantity Number: 20 | ||
| 650 | _aComp-Sc | ||
| 942 | _cBK | ||
| 999 |
_c35531 _d35531 |
||